Исторические источники об экономике Империи Джучидов XIV века и ее наследии (Запись № 4683554)

Подробности
000 -МАРКЕР
контрольное поле 02173nam0a2200421 i 4500
001 - ИДЕНТИФИКАТОР ЗАПИСИ
контрольное поле RU\NLR\bibl\2074735
005 - ИДЕНТИФИКАТОР ВЕРСИИ
контрольное поле 20260406024957.0
010 ## - МЕЖДУНАРОДНЫЙ СТАНДАРТНЫЙ НОМЕР КНИГИ (ISBN)
Номер (ISBN) 9785904449209
Тираж 1500
021 ## - НОМЕР ГОСУДАРСТВЕННОЙ РЕГИСТРАЦИИ
Код страны российская федерация
Номер 2013-64807
Номер Листа государственной регистраци 4435
035 ## - ДРУГИЕ СИСТЕМНЫЕ НОМЕРА
Идентификатор записи (nilc)RuMoRGB-006631895
035 ## - ДРУГИЕ СИСТЕМНЫЕ НОМЕРА
Идентификатор записи (NLR Aleph) 002060704
100 ## - ДАННЫЕ ОБЩЕЙ ОБРАБОТКИ
Данные общей обработки 20130819d2012 u y0rusy50 ca
101 0# - ЯЗЫК РЕСУРСА
Язык текста, звукозаписи и т.д. русский
Язык резюме английский
-- немецкий
102 ## - СТРАНА ПУБЛИКАЦИИ ИЛИ ПРОИЗВОДСТВА
Страна публикации российская федерация
105 ## - ПОЛЕ КОДИРОВАННЫХ ДАННЫХ: ТЕКСТОВЫЕ МАТЕРИАЛЫ, МОНОГРАФИЧЕСКИЕ
Кодированные данные о монографическом текстовом документе y |||||||||
200 1# - ЗАГЛАВИЕ И СВЕДЕНИЯ ОБ ОТВЕТСТВЕННОСТИ
Основное заглавие Исторические источники об экономике Империи Джучидов XIV века и ее наследии
Параллельное заглавие Historical sources about the economy Empire Juchids XIV c. and its legacy
-- Historische Quellen Über die Wirtschaft Empire Juchids XIV h. und sein Vermächtnis
Первые сведения об ответственности Р. Ф. Набиев
Язык параллельного заглавия английский
-- немецкий
210 ## - ПУБЛИКАЦИЯ, РАСПРОСТРАНЕНИЕ И ДР.
Место издания, распространения и т.д. Казань
Имя издателя, распространителя и т. д. Яз
Дата издания, распространения и т.д. 2012
215 ## - ФИЗИЧЕСКАЯ ХАРАКТЕРИСТИКА
Специфическое обозначение материала и объем 247, [1] с.
Размеры 20
300 ## - ОБЩИЕ ПРИМЕЧАНИЯ
Текст примечания Парал. загл. также на кит. яз.
300 ## - ОБЩИЕ ПРИМЕЧАНИЯ
Текст примечания Рез. англ., нем.
320 ## - ПРИМЕЧАНИЯ О НАЛИЧИИ В ДОКУМЕНТЕ БИБЛИОГРАФИИ / УКАЗАТЕЛЯ
Текст примечания Библиогр. в конце кн.
510 0# - ПАРАЛЛЕЛЬНОЕ ЗАГЛАВИЕ
Связь между полями z73790
Параллельное заглавие Historical sources about the economy Empire Juchids XIV c. and its legacy
Язык заглавия английский
510 1# - ПАРАЛЛЕЛЬНОЕ ЗАГЛАВИЕ
Связь между полями z75790
Параллельное заглавие Historische Quellen Über die Wirtschaft Empire Juchids XIV h. und sein Vermächtnis
Язык заглавия немецкий
607 ## - ГЕОГРАФИЧЕСКОЕ НАИМЕНОВАНИЕ КАК ПРЕДМЕТ
Географическое наименование Золотая Орда
Формальный подзаголовок Источники и источниковедение
Тематический подзаголовок История
Хронологический подзаголовок 14 в.
Системный номер авторитетной/нормативной записи 2367630
Идентификатор авторитетной/нормативной записи RU\NLR\auth\661413386
607 ## - ГЕОГРАФИЧЕСКОЕ НАИМЕНОВАНИЕ КАК ПРЕДМЕТ
Географическое наименование Золотая Орда
Формальный подзаголовок Источники и источниковедение
Тематический подзаголовок Экономическая история
Системный номер авторитетной/нормативной записи 1267542
Идентификатор авторитетной/нормативной записи RU\NLR\auth\66203560
686 ## - ИНДЕКСЫ ДРУГИХ КЛАССИФИКАЦИЙ
Индекс Т3(2)433.41,01
686 ## - ИНДЕКСЫ ДРУГИХ КЛАССИФИКАЦИЙ
Индекс У03(2)43
700 #1 - ИМЯ ЛИЦА - ПЕРВИЧНАЯ ОТВЕТСТВЕННОСТЬ
Код отношения Автор
Материалы, к которым относится поле rus
Графика поля Кириллица
Начальный элемент ввода Набиев
Часть имени, кроме начального элемента ввода Р. Ф.
Расширение инициалов личного имени Рустам Фанисович
Идентификатор авторитетной/нормативной записи RU\NLR\auth\77126582
Системный номер авторитетной/нормативной записи 109506
790 #1 - ИМЯ ЛИЦА - АЛЬТЕРНАТИВНАЯ ФОРМА
Код отношения Автор
Материалы, к которым относится поле rus
Графика поля Латинская
Начальный элемент ввода Nabiev
Часть имени, кроме начального элемента ввода R. F.
Расширение инициалов личного имени Rustam Fanisovič
Идентификатор авторитетной/нормативной записи RU\NLR\auth\77126584
Системный номер авторитетной/нормативной записи 109508
790 #1 - ИМЯ ЛИЦА - АЛЬТЕРНАТИВНАЯ ФОРМА
Код отношения Автор
Материалы, к которым относится поле rus
Графика поля Латинская
Начальный элемент ввода Nabiev
Часть имени, кроме начального элемента ввода R. F.
Расширение инициалов личного имени Rustam Fanisovič
Идентификатор авторитетной/нормативной записи RU\NLR\auth\77126584
Системный номер авторитетной/нормативной записи 109508
801 #0 - ИСТОЧНИК ЗАПИСИ
Страна российская федерация
Организация RuMoRKP
Дата составления 20130819
Правила каталогизации RCR
801 #2 - ИСТОЧНИК ЗАПИСИ
Страна российская федерация
Организация РГБ
Дата составления 20130912
Правила каталогизации rcr
801 #1 - ИСТОЧНИК ЗАПИСИ
Страна российская федерация
Организация RuMoRKP
Дата составления 20130819
Источник данных rusmarc
801 #2 - ИСТОЧНИК ЗАПИСИ
Страна российская федерация
Организация NLR
Дата составления 20130925
Правила каталогизации rcr
942 ## - ДОПОЛНИТЕЛЬНЫЕ ЭЛЕМЕНТЫ ЗАПИСИ (АБИС)
Тип экземпляра АБИС Книга
980 ## - КОЛЛЕКЦИЯ
Название коллекции НБР

Нет доступных экземпляров.